000 01367nam a22004457a 4500
001 BR2025001211
003 BR-BrBNA
005 20250530094432.0
008 250530b bl.||||| |||| 00| 0 por d
020 _a978-65-86913-20-0
040 _aBR-BrBNA
_bpor
041 _a(eng, por)
072 _aS01 ; B50 ; L01 ; L02 ; L10 ; L70 ; E14 ; E21 ; E40
_b6100 ; 9610 ; 5300
090 _aS01 BR2025001211
100 0 _aCosta, Keila Prado
110 _aKPMO Cultura e Arte, São Paulo, SP (Brasil)
245 _aAlimentando o mundo: a história e o legado da produção de aves, ovos e suínos no Brasil / Feeding the world: the history and legacy of production of poultry, eggs and pork in Brazil
260 _aSão Paulo, SP (Brasil)
_c2024
300 _a280 p.
_bil.
_c23 x 28 cm
500 _a13 ref.; 371 illus.
650 _aPRODUTOR RURAL
650 _aSEGURANÇA ALIMENTAR
650 _aHISTÓRIA
650 _aAVE
650 _aOVO
650 _aSUÍNO
650 _aSANIDADE ANIMAL
650 _aTECNOLOGIA
650 _aMEIO AMBIENTE
650 _aCADEIA PRODUTIVA
650 _aCOOPERATIVISMO
650 _aAGROINDÚSTRIA
650 _aGENÉTICA ANIMAL
650 _aNUTRIÇÃO ANIMAL
650 _aLOGÍSTICA
650 _aRASTREABILIDADE
650 _aMEIO AMBIENTE
909 _a202505
_bFernando
942 _cAM
999 _c331811
_d331811